Statistics for Countries in Random Hexagons of an Empty World Map

Click here to take the quiz!

General Stats

  • This quiz has been taken 12,568 times
  • The average score is 17 of 20

Answers on the Map

Answers color-coded by a green-red scale on the quiz's map according to % correct below.
 

Answer Stats

Countries% Correct
Antigua and Barbuda | Bahamas | Barbados | Colombia | Cuba | Dominica | Dominican Republic | France | Grenada | Haiti | Jamaica | Netherlands | Saint Kitts and Nevis | Saint Lucia | Saint Vincent and the Grenadines | Trinidad and Tobago | United States | Venezuela
99%
Canada
99%
Canada
98%
Canada | Denmark
98%
Canada | United States
98%
Canada | United States
98%
Canada | United States
98%
Canada | United States
98%
Canada | United States
98%
Mexico | United States
98%
Andorra | Austria | Belgium | France | Germany | Italy | Liechtenstein | Luxembourg | Monaco | San Marino | Spain | Switzerland | United Kingdom | Vatican City
97%
Canada
97%
Canada
97%
Canada | United States
97%
Canada | United States
97%
China | Japan | North Korea | Russia | South Korea
97%
Mexico | United States
97%
United States
97%
Austria | Belarus | Bosnia and Herzegovina | Croatia | Czechia | Germany | Hungary | Italy | Latvia | Lithuania | Moldova | Poland | Romania | Russia | Serbia | Slovakia | Slovenia | Sweden | Ukraine
96%
Bahamas | Belize | Cuba | Guatemala | Jamaica | Mexico | United States
96%
Canada
96%
China | Mongolia | Russia
96%
Russia
96%
Belarus | Estonia | Finland | Latvia | Russia | Ukraine
95%
Canada
95%
Canada
95%
Canada
95%
China | Japan | Russia
95%
China | Mongolia | Russia
95%
Estonia | Finland | Latvia | Norway | Russia | Sweden
95%
Russia
95%
Russia
95%
United States
95%
Afghanistan | Armenia | Azerbaijan | Georgia | Iran | Iraq | Kazakhstan | Russia | Turkey | Turkmenistan | Uzbekistan
94%
Belgium | Denmark | Germany | Netherlands | Norway | Sweden | United Kingdom
94%
Finland | Norway | Russia
94%
Mexico | United States
94%
Russia
94%
United States
94%
Armenia | Azerbaijan | Bulgaria | Georgia | Iran | Moldova | Romania | Russia | Turkey | Ukraine
93%
Brazil | France | Suriname
93%
China | Kazakhstan | Mongolia | Russia
93%
Kazakhstan | Russia
93%
Russia
93%
Russia
93%
Russia
93%
Bangladesh | Bhutan | China | India | Myanmar | Nepal
92%
Russia
92%
Russia
92%
Russia
92%
Afghanistan | China | India | Iran | Nepal | Pakistan | Tajikistan | Turkmenistan | Uzbekistan
91%
Argentina | Bolivia | Brazil | Chile | Paraguay | Peru
91%
Kazakhstan | Russia | Uzbekistan
91%
Mongolia | Russia
91%
Russia
91%
Russia
91%
Afghanistan | China | Kazakhstan | Kyrgyzstan | Tajikistan | Turkmenistan | Uzbekistan
90%
Argentina | Brazil | Paraguay | Uruguay
90%
Belize | Colombia | Costa Rica | El Salvador | Guatemala | Honduras | Mexico | Nicaragua | Panama | Venezuela
90%
Denmark
90%
Argentina | Chile | United Kingdom
89%
Argentina | Chile | Uruguay
89%
Australia
89%
Australia | East Timor | Indonesia
89%
Denmark
89%
Russia
89%
Albania | Bosnia and Herzegovina | Bulgaria | Croatia | Egypt | Greece | Italy | Kosovo | Libya | Malta | Montenegro | North Macedonia | Romania | Serbia | Tunisia | Turkey
88%
Bolivia | Brazil
88%
Bolivia | Brazil | Colombia | Peru
88%
Brazil | Colombia | Guyana | Peru | Suriname | Trinidad and Tobago | Venezuela
88%
China | Myanmar
88%
China | Philippines | Taiwan
88%
Denmark | Iceland
88%
Guatemala | Mexico
88%
Russia
88%
Australia
86%
Brazil | France | Suriname
86%
India | Indonesia | Myanmar | Sri Lanka | Thailand
86%
Algeria | Mali | Mauritania | Morocco | Spain
85%
Australia
85%
Australia | New Zealand
85%
Denmark
85%
Ireland | United Kingdom
85%
Algeria | Chad | Egypt | Libya | Niger | Sudan
84%
Algeria | Libya | Morocco | Spain | Tunisia
84%
China | Mongolia
84%
Morocco | Portugal | Spain
84%
Australia
83%
Australia | Indonesia | Papua New Guinea
83%
Brazil
83%
Cambodia | China | Laos | Myanmar | Thailand | Vietnam
83%
Colombia | Ecuador | Peru
83%
Comoros | Democratic Republic of the Congo | France | Kenya | Malawi | Mozambique | Tanzania | Zambia
83%
Cameroon | Central African Republic | Chad | Democratic Republic of the Congo | Niger | Nigeria | South Sudan | Sudan
82%
Cyprus | Egypt | Iran | Iraq | Israel | Jordan | Kuwait | Lebanon | Saudi Arabia | Syria | Turkey
82%
Angola | Burundi | Cameroon | Central African Republic | Democratic Republic of the Congo | Gabon | Republic of the Congo | Rwanda | Tanzania | Uganda
81%
Australia
81%
Botswana | Lesotho | Namibia | South Africa
81%
Brazil
81%
Chile
81%
India | Pakistan
81%
Afghanistan | Bahrain | Iran | Kuwait | Oman | Pakistan | Qatar | Saudi Arabia | United Arab Emirates | Yemen
80%
Angola | Botswana | Democratic Republic of the Congo | Mozambique | Namibia | Zambia | Zimbabwe
80%
Australia
80%
Algeria | Benin | Burkina Faso | Ghana | Mali | Mauritania | Niger | Nigeria | Togo
79%
Brunei | Cambodia | Indonesia | Malaysia | Singapore | Thailand | Vietnam
79%
Djibouti | Egypt | Eritrea | Ethiopia | Saudi Arabia | Somalia | South Sudan | Sudan | Yemen
79%
Japan
79%
Denmark
78%
Australia
77%
Botswana | Eswatini | Madagascar | Malawi | Mozambique | South Africa | Zimbabwe
76%
Peru
75%
France | Madagascar | Mauritius
74%
Burkina Faso | Cape Verde | Gambia | Guinea | Guinea-Bissau | Ivory Coast | Liberia | Mali | Mauritania | Senegal | Sierra Leone
73%
Democratic Republic of the Congo | Ethiopia | Kenya | Somalia | South Sudan | Sudan | Tanzania | Uganda
73%
East Timor | Indonesia
73%
India | Maldives | Sri Lanka
73%
Federated States of Micronesia | Indonesia | Palau
72%
Fiji | Kiribati | Solomon Islands | Tuvalu | Vanuatu
72%
Indonesia
72%
New Zealand
72%
New Zealand
71%
Malaysia | Palau | Philippines
70%
Fiji | France | Tonga | Vanuatu
69%
Kiribati
67%
Benin | Burkina Faso | Cameroon | Equatorial Guinea | Gabon | Ghana | Ivory Coast | Liberia | Nigeria | São Tomé and Príncipe | Togo
66%
Ethiopia | Oman | Somalia | Yemen
63%
France | Solomon Islands | Vanuatu
63%
Federated States of Micronesia | Nauru | Papua New Guinea | Solomon Islands
62%
Kiribati
62%
Kiribati | Marshall Islands
56%
Angola
52%
Federated States of Micronesia | Marshall Islands
51%
Portugal
51%
Cape Verde
47%
Seychelles
44%
Marshall Islands
34%

Score Distribution

Percentile by Number Answered

Percent of People with Each Score

Your Score History

You have not taken this quiz